| 000 | 00538nam a22001937a 4500 | ||
|---|---|---|---|
| 005 | 20140312091226.0 | ||
| 008 | 140312b xxu||||| |||| 00| 0 eng d | ||
| 020 | _a9780072263701 | ||
| 080 | _a004.42 | ||
| 100 | _aMatthews, Carole | ||
| 245 |
_aMicrosoft Office PowePoint 2007/ _cCarole Matthews, |
||
| 250 | _a1 st.ed.; | ||
| 260 |
_aNew York, _bMcGraw Hill, _c2007, |
||
| 300 |
_a228 f.: _bme il.; _c20 cm, |
||
| 500 | _aPƫrfshin indeksin f. 219-228 | ||
| 650 | _aKompjuterat | ||
| 650 | _aSoftuerat | ||
| 942 |
_2udc _cBK |
||
| 999 |
_c417 _d417 |
||